| 000 | 00798nam a2200253Ia 4500 | ||
|---|---|---|---|
| 999 |
_c41067 _d41067 |
||
| 001 | 7716 | ||
| 003 | GE_BSU | ||
| 005 | 20221116114033.0 | ||
| 008 | 181216s||||||||xx |||||||||||||| ||und|| | ||
| 020 | _a1852337818.x | ||
| 040 | _cGE_BSU | ||
| 041 | _aeng | ||
| 080 | _a519.2 C-20 | ||
| 100 |
_aCapinski Marek. _914678 |
||
| 245 |
_aMeasure,Integral and Probability. _cMarek, Capinski Kopp Ekkehard . |
||
| 250 | _aSecond editoin | ||
| 264 |
_aLondon : _bSpringer, _c2005. |
||
| 300 |
_a311 p.: _b25 cm. |
||
| 440 |
_aSpringer Undergraduate Mathematics Series: ISSN 1615-2085. _914670 |
||
| 653 | _aMeasure,Integral and Probability. | ||
| 653 | _aსაზომი, ინტეგრალი და ალბათობა. | ||
| 700 |
_a Ekkehard, Kopp. _915850 |
||
| 942 |
_cBK _2udc |
||